| 000 | 01112nam a22003017a 4500 | ||
|---|---|---|---|
| 003 | CHAP | ||
| 005 | 20220329133457.0 | ||
| 008 | 971013s1992 r 00010 d | ||
| 010 | _a6829 | ||
| 011 | _a7801 | ||
| 035 | _a7025 | ||
| 040 | _cCHAP | ||
| 090 | _aFolleto 11173 | ||
| 100 | 0 | 0 |
_aMorrell, Jeffrey J. _978882 |
| 245 |
_aPhilippine wood pole maintenance manual _b: a guide to the specification, inspection, and maintenance of wood poles |
||
| 260 |
_aLaguna, Phillippines : _bForest Products Research and Development Institute, _c1992 |
||
| 300 | _a29 p. | ||
| 490 |
_aPhillippines. Forest Products Research and Development Institute. Special publication _v; 23 |
||
| 590 |
_aBATCH-UPD _b10 _c20130109 _lUCH01 _h2335 |
||
| 590 |
_aBATCH-UPD _b10 _c20130110 _lUCH01 _h2152 |
||
| 590 |
_aCONVERSION _b10 _c20130109 _lUCH01 _h1305 |
||
| 650 | 1 | 4 |
_aPostes. _991060 |
| 700 | 0 |
_aGiron, M. Y. _948195 |
|
| 830 | 0 |
_aPhillippines. Forest Products Research and Development Institute. Special publication _v; 23 _987798 |
|
| 901 | _aBK | ||
| 942 | _cFOLL | ||
| 949 |
_aFolleto 11173 _bBC _cFOLL _d-16793 _eTS1 _i7025 _si |
||
| 999 |
_c6829 _d6829 |
||